[Event "Forli op"]
[Site "Forli"]
[Date "1992.??.??"]
[Round "5"]
[White "Golod, Vitali"]
[Black "Hodgson, Julian M"]
[Result "1-0"]
[WhiteElo "2410"]
[BlackElo "2535"]

1.d4 d6 2.e4 Nf6 3.Nc3 Nbd7 4.f4 e5 5.Nf3 c6 6.dxe5 dxe5 7.fxe5 Ng4 8.e6 fxe6
9.Ng5 Nde5 10.Qxd8+ Kxd8 11.h3 Nh6 12.Bf4 Ng6 13.O-O-O+ Ke8 14.Bc7 Be7 15.Nf3 Bd7
16.e5 Rc8 17.Bd6 Nf7 18.Ne4 c5 19.Bxe7 Kxe7 20.Nd6 Rc7 21.Nxf7 Kxf7 22.Bd3 Ke7
23.Bxg6 hxg6 24.Rhf1 Bb5 25.Rf2 Rf8 26.Rdd2 c4 27.c3 Rc5 28.Nh4 Rxf2 29.Rxf2 Be8
30.Re2 Rd5 31.Nf3 Ra5 32.a3 Bc6 33.Nd4 Bd7 34.Kd2 Rd5 35.h4 g5 36.h5 Kf7
37.Ke1 g6 38.h6 Kg8 39.Nf3 Kh7 40.Nh2 Kxh6 41.Ng4+ Kg7 42.Nf6 Rd3 43.Rd2 Rxd2
44.Kxd2 Bc6 45.g3 b6 46.Ke3 Bg2 47.Kd4 Bf1 48.Ke3 Kh6 49.Kf3 Bh3 50.g4 Kg7
51.Ne4  1-0

[Event "FRA-chT"]
[Site "?"]
[Date "1992.??.??"]
[Round "?"]
[White "Magem Badals, Jorge"]
[Black "Rausis, Igors"]
[Result "1-0"]
[WhiteElo "2515"]
[BlackElo "2460"]

1.e4 d6 2.d4 Nf6 3.Nc3 e5 4.Nge2 Be7 5.f3 O-O 6.Be3 exd4 7.Qxd4 Nc6 8.Qd2 Ne5
9.Ng3 Be6 10.O-O-O c6 11.f4 Nc4 12.Bxc4 Bxc4 13.Nf5 d5 14.Nxe7+ Qxe7 15.e5 Nd7
16.b3 Ba6 17.Rhe1 Rfe8 18.Bd4 Rad8 19.f5 Qh4 20.e6 fxe6 21.fxe6 Nf6 22.g3 Qg4
23.Qf4 Qxf4+ 24.gxf4 b6 25.f5 Re7 26.Bxf6 gxf6 27.Rg1+ Kh8 28.b4 Bc4 29.Rg3 Rf8
30.b5 cxb5 31.Nxd5 Rg7 32.Rxg7 Kxg7 33.Rg1+ Kh6 34.Nc7 Rc8 35.e7 Bf7 36.Nxb5 Rc6
37.Re1 Be8 38.Kd2 Kg5 39.Nd4 Rd6 40.c3 Kf4 41.Rg1 Rd7 42.Re1 Rd5 43.Kc1 Re5
44.Ne6+ Kxf5 45.Ng7+ Kg6 46.Rxe5 Kxg7 47.Rd5 Kf7 48.Rh5 Kg6 49.Rd5 Kf7 50.Rd8 Kxe7
51.Ra8 a5 52.Ra6 b5 53.Ra7+ Bd7 54.Rxa5 Kd6 55.Ra7 h5 56.Kd2 h4 57.Ke3 h3
58.Kd4 Bc6 59.Ra6 f5 60.c4 bxc4 61.Kxc4 f4 62.Kd4 Kc7 63.Rxc6+ Kxc6 64.Ke4  1-0

[Event "FRA-chT"]
[Site "?"]
[Date "1992.??.??"]
[Round "?"]
[White "Levacic, Damir"]
[Black "Seret, Jean Luc"]
[Result "0-1"]
[WhiteElo "2395"]
[BlackElo "2415"]

1.d4 d6 2.e4 Nf6 3.Nc3 c6 4.Nf3 g6 5.Be2 Bg7 6.O-O O-O 7.h3 Nbd7 8.e5 Ne8
9.Bf4 dxe5 10.dxe5 Nc7 11.Qc1 Ne6 12.Bh6 Qa5 13.Bxg7 Kxg7 14.Qe3 Qb6 15.Qxb6 axb6
16.a4 Nf4 17.Bc4 Nc5 18.b4 Nxa4 19.Nxa4 b5 20.Bxb5 cxb5 21.Nb6 Ra6 22.Rxa6 bxa6
23.Nd4 Bb7 24.f3 Rd8 25.Nb3 g5 26.Nc5 Bc6 27.Nxa6 Ng6 28.e6 fxe6 29.Nc5 Kf7
30.Re1 Nf4 31.c4 Rd2 32.Ne4 Rxg2+ 33.Kh1 h6 34.cxb5 Bxb5 35.Nc8 Be2 36.Rxe2 Rxe2
37.b5 Ke8 38.Na7 Nxh3 39.Nc5 Rb2 40.Nxe6 Nf4 41.Nc7+ Kd7 42.Na6 e5 43.Nb8+ Kc7  0-1

[Event "Fuerteventura"]
[Site "Fuerteventura"]
[Date "1992.??.??"]
[Round "?"]
[White "Vaisser, Anatoli"]
[Black "Moskalenko, Viktor"]
[Result "1/2-1/2"]
[WhiteElo "2580"]
[BlackElo "2505"]

1.d4 d6 2.e4 Nf6 3.Nc3 e5 4.dxe5 dxe5 5.Qxd8+ Kxd8 6.Bg5 c6 7.O-O-O+ Ke8
8.Nf3 Nbd7 9.Bh4 Bc5 10.h3 Bb6 11.Bc4 Bc7 12.a4 Nf8 13.Ng5 Ne6 14.Nxe6 Bxe6
15.Bxe6  1/2-1/2

[Event "Fuerteventura op"]
[Site "Fuerteventura"]
[Date "1992.??.??"]
[Round "?"]
[White "Larduet, Carlos"]
[Black "Elissalt Cardenas, Hector"]
[Result "1/2-1/2"]
[WhiteElo "2335"]
[BlackElo "2265"]

1.e4 d6 2.d4 Nf6 3.Nc3 c6 4.Nf3 g6 5.Be2 Bg7 6.h3 O-O 7.O-O Nbd7 8.Bf4 Nh5
9.Bg5 h6 10.Be3 e5 11.Qd2 Kh7 12.Rad1 Qe7 13.Rfe1 Nhf6 14.Bd3 b5 15.Ne2 Bb7
16.Ng3 a6 17.a4 Rfe8 18.c3 Rac8 19.axb5 cxb5 20.d5 Nc5 21.Bc2 Qd8 22.Nh2 Rc7
23.Ng4 Nxg4 24.hxg4 Qh4 25.g5 Bc8 26.Nf1 Rh8 27.gxh6 Bxh6 28.Bxh6 Kg8 29.Qg5 Rxh6
30.Qxh4 Rxh4 31.Ra1 f6 32.f3 Kf8 33.Ne3 Ke8 34.Kf2 Rch7 35.Rac1 Rc7 36.b4 Nd7
37.c4 bxc4 38.Ba4 c3 39.Bc6 Ke7 40.Rh1 Rxh1 41.Rxh1 Nf8 42.Ke2 Bb7 43.Bxb7 Rxb7
44.Nc2 Nd7 45.Kd3 f5 46.exf5 gxf5 47.Rh7+ Kd8  1/2-1/2

[Event "Peer Gynt"]
[Site "Gausdal"]
[Date "1992.??.??"]
[Round "4"]
[White "Krog, C."]
[Black "Mastoras, Ilias"]
[Result "1-0"]
[WhiteElo "2300"]
[BlackElo "2300"]

1.e4 d6 2.d4 Nf6 3.Nc3 c6 4.f4 Qa5 5.Bd3 e5 6.Nf3 Bg4 7.Be3 Nbd7 8.h3 Bxf3
9.Qxf3 Qb4 10.a3 Qxb2 11.Kd2 exf4 12.Rhb1 fxe3+ 13.Qxe3 Qxa1 14.Rxa1 O-O-O
15.Rb1 Kc7 16.Qg5 b6 17.e5  1-0

[Event "Geneve op"]
[Site "Geneve"]
[Date "1992.??.??"]
[Round "3"]
[White "Domont, Alexandre"]
[Black "Summermatter, Daniel"]
[Result "0-1"]
[WhiteElo "2345"]
[BlackElo "2360"]

1.e4 d6 2.d4 Nf6 3.Nc3 c6 4.Nf3 Bg4 5.Be2 e6 6.O-O d5 7.Be3 Bxf3 8.Bxf3 Bb4
9.e5 Nfd7 10.Ne2 O-O 11.c3 Be7 12.Nf4 Qb6 13.Re1 Re8 14.Bh5 Nf8 15.b3 c5
16.c4 dxc4 17.d5 cxb3 18.axb3 g6 19.Bg4 exd5 20.Nxd5 Qd8 21.Nxe7+ Qxe7 22.e6 Nxe6
23.Bxe6 fxe6 24.Qg4 Nc6 25.Bg5 Qf7 26.Qc4 b6 27.Re4 Qf5 28.h4 Qd5 29.Qe2 Nd4
30.Qg4 Qf5 31.b4 Qxg4 32.Rxg4 Nc2 33.Rd1 Nxb4 34.Rd7 Nd5 35.h5 Rf8 36.hxg6 hxg6
37.Bh6 Rf6 38.Rg7+ Kh8 39.R7xg6 Rxg6 40.Rxg6 Re8 41.Rg7 a5 42.Ra7 Re7 43.Ra8+ Kh7
44.Bd2 Kg6 45.g4 c4 46.Kf1 c3 47.Bc1 Rh7  0-1

[Event "BL2-O9192"]
[Site "Germany"]
[Date "1992.??.??"]
[Round "?"]
[White "Pribyl, Josef"]
[Black "Roesch, Arnd"]
[Result "1/2-1/2"]
[WhiteElo "2415"]
[BlackElo "2360"]

1.e4 d6 2.d4 Nf6 3.Nc3 e5 4.dxe5 dxe5 5.Qxd8+ Kxd8 6.Bc4 Ke8 7.Nf3 Bd6 8.Bg5 Nbd7
9.O-O-O a6 10.a4 h6 11.Bh4 b6 12.Nd2 c6 13.Ba2 Bc7 14.Nc4 Ke7 15.Ne3 g5 16.Nf5+ Kf8
17.Bg3 Ne8 18.h4 g4 19.Rhf1 Ndf6 20.Ne3 Nh5 21.Bh2 b5 22.Ne2 Nf4 23.Ng3 Nf6
24.f3 gxf3 25.gxf3 Be6 26.Bxe6 fxe6  1/2-1/2

[Event "BL2-O9192"]
[Site "Germany"]
[Date "1992.??.??"]
[Round "?"]
[White "Kaminski, Uwe"]
[Black "Lorenz, Gerd"]
[Result "0-1"]
[WhiteElo "2410"]
[BlackElo "2240"]

1.e4 d6 2.d4 Nf6 3.Nc3 e5 4.Nf3 Nbd7 5.Bc4 Be7 6.O-O O-O 7.Re1 c6 8.a4 Ne8
9.Be3 Nc7 10.a5 Bf6 11.Qd2 Qe7 12.Rad1 Rd8 13.Ne2 exd4 14.Bxd4 Ne5 15.Bxe5 Bxe5
16.Nxe5 Qxe5 17.Nd4 c5 18.Nb3 b5 19.axb6 axb6 20.c3 Be6 21.Bxe6 Qxe6 22.Qc2 Qg6
23.Rd2 Ne6 24.Qd1 Nc7 25.Kh1 h6 26.f4 Qf6 27.Qf3 Qe6 28.Nc1 Ra1 29.Rdd1 Re8
30.Qd3 Qg6 31.f5 Qf6 32.Ne2 Rxd1 33.Rxd1 Qe5 34.Ng3 d5 35.exd5 Nxd5 36.h3 Ne3  0-1

[Event "BL2-O9192"]
[Site "Germany"]
[Date "1992.??.??"]
[Round "?"]
[White "Babrikowski, Peter"]
[Black "Lorenz, Gerd"]
[Result "1-0"]
[WhiteElo "2280"]
[BlackElo "2240"]

1.e4 d6 2.d4 Nf6 3.Nc3 e5 4.Nf3 Nbd7 5.Bc4 Be7 6.O-O O-O 7.h3 c6 8.a4 Nxe4
9.Nxe4 d5 10.Nxe5 Nxe5 11.dxe5 dxe4 12.Bf4 Bf5 13.Qe2 Bc5 14.Kh1 Qh4 15.Bg3 Qg5
16.Rad1 Rae8 17.Kh2 h5 18.f4 exf3 19.Qxf3 h4 20.Bf4 Qg6 21.c3 Be4 22.Qg4 Qxg4
23.hxg4 Re7 24.Rd2 Bb6 25.Re1 Bg6 26.Bg5 Ree8 27.Bxh4 Kh7 28.Rd7 Rh8 29.Kg3 Kg8
30.e6 fxe6 31.Bxe6+ Kh7 32.Bf6 Rhf8 33.Rh1+ Bh5 34.Rxg7+  1-0

[Event "BL2-S9192"]
[Site "Germany"]
[Date "1992.??.??"]
[Round "?"]
[White "Zuse, Klaus Peter"]
[Black "Miltner, Arndt"]
[Result "1/2-1/2"]
[WhiteElo "2255"]
[BlackElo "2330"]

1.e4 d6 2.d4 Nf6 3.Nc3 e5 4.dxe5 dxe5 5.Qxd8+ Kxd8 6.f4 Bb4 7.Bd3 Nbd7 8.Nf3 exf4
9.Bxf4 Re8 10.O-O-O Bxc3 11.bxc3 Nxe4 12.Rhe1 Nd6 13.Ng5 Rxe1 14.Rxe1 Nc5
15.Bxd6 Nxd3+ 16.cxd3 cxd6 17.Nxf7+ Kd7 18.Re4 d5 19.Re5 h6 20.d4 b6 21.Re3 Ba6
22.Ne5+ Ke6 23.Rg3 g5 24.Rf3 Re8 25.Rf7 Re7 26.Rf8 h5 27.g3 Bb5 28.Kd2 Rg7
29.Rh8 h4 30.Rh6+ Ke7 31.gxh4 gxh4 32.Ng6+ Kf6 33.Nxh4+ Kg5 34.Rh8 Rf7 35.a3 Rf2+
36.Ke3 Re2+ 37.Kf3 Rxh2 38.Kg3 Rc2 39.Nf3+ Kf6 40.Rf8+ Ke7 41.Ra8 a5 42.Rb8 Rxc3
43.Rb7+ Kd8 44.Kf4 Rxa3 45.Ne5 Be8 46.Rb8+ Ke7 47.Rxb6 Rc3 48.Ra6 a4 49.Ng4 Bb5
50.Ne3  1/2-1/2

[Event "BL2-S9192"]
[Site "Germany"]
[Date "1992.??.??"]
[Round "?"]
[White "Staiger, Frank"]
[Black "Lorscheid, Gerhard"]
[Result "0-1"]
[WhiteElo "2285"]
[BlackElo "2335"]

1.d4 d6 2.e4 Nf6 3.Nc3 e5 4.dxe5 dxe5 5.Qxd8+ Kxd8 6.Nf3 Bd6 7.Bg5 Be6 8.O-O-O Kc8
9.h3 Nbd7 10.Bb5 a6 11.Bxd7+ Nxd7 12.Nd5 Bc5 13.Be3 f6 14.Rhe1 Re8 15.Nh4 Bf8
16.Nf5 b5 17.g4 g6 18.Ng3 Kb7 19.Re2 c6 20.Nc3 Nb6 21.b3 a5 22.a4 Ba3+ 23.Kb1 Bb4
24.Rd3 Bc4 25.bxc4 bxc4 26.Rd1 Bxc3 27.Ka2 Nxa4 28.Rd7+ Ka6 29.Ka3 Reb8 30.Kxa4 Rb1
31.Bc5 Ra1+ 32.Ba3 Bb4 33.Re3 c3 34.Kb3 Rxa3+ 35.Kc4 Ra2 36.Rf3  0-1

[Event "BL2-S9192"]
[Site "Germany"]
[Date "1992.??.??"]
[Round "?"]
[White "Palkovi, Jozsef"]
[Black "Miltner, Arndt"]
[Result "1-0"]
[WhiteElo "2410"]
[BlackElo "2330"]

1.e4 d6 2.d4 Nf6 3.Nc3 Nbd7 4.f4 e5 5.Nf3 exd4 6.Qxd4 c6 7.Be3 d5 8.e5 Ng4
9.Bg1 Bc5 10.Qd2 Bxg1 11.Rxg1 Qb6 12.h3 Nh2 13.Nd4 Nxf1 14.Rxf1 Qxb2 15.Rb1 Qa3
16.Rf3 Qc5 17.Na4 Qc4 18.Rb4 Qa6 19.Nf5 Nb6 20.Nxg7+ Kf8 21.f5 h6 22.Ne6+ fxe6
23.fxe6+ Ke8 24.Qf4 Bxe6 25.Nc5 Qa5 26.Nxe6 Rh7 27.Qf8+ Kd7 28.Rf7+  1-0

[Event "Bundesliga 9192"]
[Site "Germany"]
[Date "1992.??.??"]
[Round "?"]
[White "Pohl Kuemmel, Jens Uwe"]
[Black "Ruf, Matthias"]
[Result "1-0"]
[WhiteElo "2245"]
[BlackElo "2390"]

1.d4 d6 2.e4 Nf6 3.Nc3 Nbd7 4.Nf3 e5 5.Bc4 Be7 6.O-O O-O 7.a4 c6 8.Qe2 Ne8
9.Rd1 Qc7 10.h3 Nb6 11.Bb3 a5 12.Be3 Ra6 13.Nb1 Nf6 14.Nbd2 h6 15.c3 Re8
16.Bc2 Bf8 17.dxe5 dxe5 18.Nh4 Be6 19.Qf3 Nbd7 20.Nf5 Kh7 21.g4 g6 22.Kh1 Ng8
23.Qg3 f6 24.Nd4 Bf7 25.N4b3 c5 26.Nc1 Ne7 27.Qf3 Rd6 28.b3 Nc6 29.Bd3 Rd8
30.Bc4 Bxc4 31.Nxc4 Rxd1+ 32.Qxd1 Nb6 33.Qe2 Nxc4 34.Qxc4 Rd1+ 35.Kg2 f5
36.exf5 gxf5 37.gxf5 h5 38.h4 Qd7 39.Qe4 Qd5 40.Qxd5 Rxd5 41.Ne2 e4 42.Ng3 Ne5
43.Nxe4 Ng4 44.Bg5 Rxf5 45.Rd1 Kg6 46.c4 Re5 47.Ng3 Re6 48.Bd8 Bg7 49.Rd5 Bd4
50.Nxh5 Re4 51.Rg5+ Kh6 52.Ng3 Rf4 53.Rf5 Rxf2+ 54.Rxf2 Bxf2 55.Kf3 Bxg3
56.Kxg4 Be1 57.Bb6 Bb4 58.h5 Kh7 59.Kf5 Kh6 60.Ke6 Kxh5 61.Kd5 Kg4 62.Bxc5 Be1
63.Bb6 Bb4 64.c5 Kf3 65.c6 bxc6+ 66.Kxc6 Ke4 67.Kb5 Kd5 68.Bxa5 Bc5 69.Bb6 Bd6
70.a5  1-0

[Event "Bundesliga 9192"]
[Site "Germany"]
[Date "1992.??.??"]
[Round "?"]
[White "Reefschlaeger, Helmut"]
[Black "Ruf, Matthias"]
[Result "0-1"]
[WhiteElo "2400"]
[BlackElo "2395"]

1.e4 d6 2.d4 Nf6 3.Nc3 Nbd7 4.g3 e5 5.Nge2 b5 6.Bg2 b4 7.Nd5 Nxd5 8.exd5 a5
9.O-O Ba6 10.Re1 Be7 11.a3 O-O 12.axb4 axb4 13.Bd2 Bf6 14.dxe5 Bxe5 15.Rb1 Rb8
16.Be3 Bxe2 17.Qxe2 Re8 18.Qc4 Bf6 19.h3 g6 20.Bd2 Rxe1+ 21.Bxe1 Ne5 22.Qb3 Qe8
23.Bd2 Qb5 24.Bf1 Qb7 25.Be3 Nf3+ 26.Kh1 Nd4 27.Qc4 Nf5 28.Bd2 h5 29.Bg2 Qb6
30.g4 hxg4 31.hxg4 Qxf2 32.gxf5 Qxd2 33.Qd3 Qg5 34.fxg6 fxg6 35.Qh3 Re8 36.Bf3 Kg7
37.Rg1 Qf4 38.Qd7+ Re7 39.Qg4 Qh6+ 40.Qh5 Bxb2 41.Qxh6+ Kxh6 42.Rg4 Bc3 43.Be4 g5
44.Kg2 Bd2 45.Kf3 Bf4 46.Rg1 Kg7 47.Rh1 Kg8 48.Re1 Bd2 49.Re2 Rf7+ 50.Kg2 Bf4
51.Bg6 Rf6 52.Re8+ Kg7 53.Bh5 Be5 54.Re7+ Kh6 55.Be2 Rf4 56.Rxc7 Rd4 57.Bd3 Kh5
58.Be2+ Kg6 59.Rc4 Rd2 60.Kf3 Bc3 61.Bd3+ Kf6 62.Ke3 Rd1 63.Re4 Kf7 64.Bc4 Rh1
65.Be2 Rh3+ 66.Kf2 Bd2 67.Kg2 Ra3 68.Rd4 Bc3 69.Bh5+ Kf6 70.Re4 Ra2 71.Re6+ Kg7
72.Re2 Be5 73.Kf3 Ra3+ 74.Ke4 Kf6 75.Bg4 Rc3 76.Rf2+ Bf4 77.Rg2 Be5 78.Rf2+ Kg6
79.Rg2 Rc4+ 80.Ke3 Kh6 81.Kf3 Rd4 82.Be6 Kg6  0-1

[Event "Oberliga Nord O9192"]
[Site "Germany"]
[Date "1992.??.??"]
[Round "?"]
[White "Kimpinsky, Frank"]
[Black "Tyrtania, Maximilian"]
[Result "1/2-1/2"]
[WhiteElo "2310"]
[BlackElo "2240"]

1.e4 d6 2.d4 Nf6 3.Nc3 e5 4.Nf3 Nbd7 5.a4 Be7 6.Bc4 O-O 7.O-O c6 8.dxe5 dxe5
9.Qe2 Qc7 10.Rd1 Nc5 11.b4 Ne6 12.Na2 a5 13.Bb2 Nf4 14.Qe1 Ng6 15.h3 Nh5
16.Bc3 Nhf4 17.Bf1 axb4 18.Nxb4 f6 19.Nd2 b6 20.Nc4 Ne6 21.Rdb1 Rd8 22.Nd3 Rb8
23.a5 b5 24.Ne3 Nd4 25.Bb4 c5 26.Bc3 Be6 27.a6 b4 28.Bxd4 exd4 29.Nd5 Qa7  1/2-1/2

[Event "GER CupT"]
[Site "Germany"]
[Date "1992.??.??"]
[Round "?"]
[White "Lorscheid, Gerhard"]
[Black "Tischbierek, Raj"]
[Result "1-0"]
[WhiteElo "2335"]
[BlackElo "2485"]

1.d4 d6 2.e4 Nf6 3.Nc3 e5 4.Nf3 Nbd7 5.Bc4 Be7 6.O-O O-O 7.Re1 c6 8.a4 a5
9.h3 exd4 10.Nxd4 Nc5 11.Bf4 Qb6 12.Qd2 Bd7 13.Nb3 Rad8 14.Qe3 Qb4 15.Nxc5 dxc5
16.b3 Be6 17.Bc7 Rd7 18.Na2 Qd2 19.Qxd2 Rxd2 20.Bxa5 Rxc2 21.Bd3 Rb2 22.Nc1 c4
23.bxc4 Bb4 24.Bxb4 Rxb4 25.Na2 Rxa4 26.Nc3 Rxa1 27.Rxa1 g5 28.Be2 Rd8 29.Ra7 Rd4
30.f3 b6 31.Rc7 c5 32.Nd5 Nh5 33.Nxb6 Rd2 34.Bf1 Rb2 35.Nd5 Ng3 36.Rxc5 f5
37.exf5 Bxd5 38.cxd5 Rb1 39.d6 Kf7 40.d7 Ke7 41.Rd5 Kd8 42.f6  1-0

[Event "GER CupT"]
[Site "Germany"]
[Date "1992.??.??"]
[Round "?"]
[White "Kaminski, Uwe"]
[Black "Tischbierek, Raj"]
[Result "1/2-1/2"]
[WhiteElo "2410"]
[BlackElo "2485"]

1.e4 d6 2.d4 Nf6 3.Nc3 e5 4.Nf3 Nbd7 5.Bc4 Be7 6.O-O O-O 7.Re1 c6 8.a4 a5
9.Ba2 exd4 10.Nxd4 Nc5 11.Bg5 Qb6 12.Qd2 Bd7 13.Nb3 Nxb3 14.Bxb3 Be6 15.Re3 Bxb3
16.cxb3 Rfe8 17.Rd3 Rad8 18.Rd1 Kh8 19.Qc2 Qb4 20.Rh3 Ng4 21.Bxe7 Rxe7 22.Rhd3 Re6
23.Rd4 Qc5 24.h3 Nf6 25.Qd3 h6 26.Kh1 Qe5 27.b4 Rde8 28.bxa5 Qxa5 29.Rxd6 Rxd6
30.Qxd6 Nxe4 31.Nxe4 Rxe4 32.Qf8+ Kh7 33.Qxf7 Re1+ 34.Rxe1 Qxe1+ 35.Kh2 Qe5+  1/2-1/2

[Event "GER CupT"]
[Site "Germany"]
[Date "1992.??.??"]
[Round "?"]
[White "Braeuning, Rudolf Wilhelm"]
[Black "Braun, Gottfried"]
[Result "0-1"]
[WhiteElo "2415"]
[BlackElo "2385"]

1.e4 d6 2.d4 Nf6 3.Nc3 e5 4.Nf3 Nbd7 5.Bc4 Be7 6.O-O O-O 7.Qe2 exd4 8.Nxd4 Ne5
9.Bb3 c5 10.Nf5 Bxf5 11.exf5 Qd7 12.f4 Nc6 13.g4 d5 14.g5 c4 15.gxf6 Bxf6
16.Ba4 Qxf5 17.Nd1 b5 18.Ne3 Qe4 19.Bxb5 Nd4 20.Qd1 Nxb5 21.Qxd5 Qxd5 22.Nxd5 Bd4+
23.Be3 Rfd8 24.Bxd4 Rxd5 25.Be3 Rad8 26.Kf2 a6 27.c3 Rd3 28.Ke2 Re8 29.Rf3 Red8
30.Rff1 f6 31.Rad1 Kf7 32.Rxd3 Rxd3 33.Rg1 Nd6 34.Bd4 Nf5 35.Bf2 Ke6 36.Be1 Re3+
37.Kf2 Rh3 38.Kg2 Rd3 39.b4 g6 40.a4 Ne3+ 41.Kh1 Nd5 42.b5 axb5 43.axb5 Kd6
44.f5 gxf5 45.Bf2 Nxc3 46.b6 Rd1 47.Be1 Rd3 48.b7 Kc7 49.Rg7+ Kb8 50.Bg3+ Rxg3
51.Rxg3 Ne4 52.Rf3 Kxb7 53.Rxf5 Kc6 54.Kg2 c3 55.Rf1 Kd5 56.Re1 Nc5 57.Kf3 Nd3
58.Re2 c2 59.Rxc2 Ne1+ 60.Kf4 Nxc2 61.Kf5 Nd4+ 62.Kxf6 Ne6 63.h4 Kd6 64.h5 Kd5
65.Kf5 Nf8 66.h6 Nd7 67.Kg5 Ke5 68.Kh5 Kf5  0-1

[Event "Bundesliga 9192"]
[Site "Germany"]
[Date "1992.??.??"]
[Round "?"]
[White "Reich, Thomas"]
[Black "Von Gleich, Alexander"]
[Result "1-0"]
[WhiteElo "2400"]
[BlackElo "2345"]

1.e4 d6 2.d4 Nf6 3.Nc3 e5 4.Nf3 Nbd7 5.Bc4 Be7 6.O-O O-O 7.a4 a5 8.h3 Nb6
9.Bb3 Nfd7 10.dxe5 dxe5 11.Be3 c6 12.Nb1 Qc7 13.c3 Nc5 14.Bc2 Be6 15.Nbd2 Nc4
16.Bxc5 Bxc5 17.b3 Nxd2 18.Qxd2 Rfd8 19.Qe2 f6 20.Rab1 Qf7 21.Rfd1 Rxd1+
22.Qxd1 Bb6 23.Bd3 Qe7 24.Qe2 Qc5 25.Bc4 Bxc4 26.bxc4 Rd8 27.h4 Rd7 28.h5 Ba7
29.Nh4 Kf8 30.Nf5 g6 31.Nh4 g5 32.Nf5 Ke8 33.h6 Kd8 34.Ng7 Kc8 35.Rf1 Kb8
36.Qf3 Rd6 37.Qf5 Qxc4 38.Qxh7 Bc5 39.Ne8 Rd2 40.Qf5 Qg8 41.Nxf6  1-0

[Event "Bundesliga 9192"]
[Site "Germany"]
[Date "1992.??.??"]
[Round "?"]
[White "Niedermaier, Hans"]
[Black "Von Gleich, Alexander"]
[Result "0-1"]
[WhiteElo "2305"]
[BlackElo "2345"]

1.e4 d6 2.d4 Nf6 3.Nc3 e5 4.dxe5 dxe5 5.Qxd8+ Kxd8 6.Nf3 Bd6 7.Bc4 Be6 8.Bxe6 fxe6
9.Be3 Ke7 10.O-O-O Nbd7 11.Nd2 c6 12.f3 b5 13.h3 a5 14.g4 a4 15.Rdf1 Nc5
16.f4 exf4 17.Bxf4 Bxf4 18.Rxf4 Nfd7 19.Rhf1 Ne5 20.Ne2 g5 21.R4f2 h5 22.Nf3 Ncd7
23.Ned4 hxg4 24.Nxe5 Nxe5 25.Rf6 Nf3 26.Rxe6+ Kd7 27.Nxf3 Kxe6 28.Nxg5+ Ke7
29.Rf7+ Kd6 30.Rf6+ Ke7 31.Rf7+ Ke8 32.hxg4 Rd8 33.c4 b4 34.Rh7 Rxh7 35.Nxh7 Ke7
36.Ng5 Rd4 37.b3 a3 38.Kc2 Kf6 39.Nh7+ Ke5 40.Ng5 Rd7 41.c5 Rg7 42.Nf3+ Kxe4
43.Nd2+ Kf4 44.Nc4 Rxg4 45.Na5 Rg2+  0-1

[Event "Bundesliga 9192"]
[Site "Germany"]
[Date "1992.??.??"]
[Round "?"]
[White "Muse, Mladen"]
[Black "Kurz, Alexander"]
[Result "1-0"]
[WhiteElo "2445"]
[BlackElo "2325"]

1.d4 d6 2.e4 Nf6 3.Nc3 e5 4.Nge2 Nc6 5.d5 Ne7 6.g3 h5 7.h3 h4 8.Qd3 hxg3
9.fxg3 c6 10.dxc6 Nxc6 11.Bg5 Qa5 12.Bg2 Be6 13.Qd2 Rc8 14.Nd5 Bxd5 15.exd5 Qxd2+
16.Kxd2 Nb4 17.Nc3 Be7 18.Be3 e4 19.Bxa7 Nfxd5 20.Nxd5 Rxc2+ 21.Kd1 Rxg2
22.Nxb4 Bg5 23.a3 Kd7 24.Ke1 Rxg3 25.Rd1 Ke6 26.Bd4 Rgxh3 27.Rxh3 Rxh3 28.Kf2 g6
29.Kg2 Rf3 30.Bc3 f5 31.Nc2 Rd3 32.Nd4+ Kd5 33.Rxd3 exd3 34.Kf3 Bf6 35.Nb5 Bxc3
36.Nxc3+ Kc4 37.Ke3 g5 38.Nd1 d5 39.Kd2 g4 40.Ne3+ Kb3  1-0

[Event "Bundesliga 9192"]
[Site "Germany"]
[Date "1992.??.??"]
[Round "?"]
[White "Mohr, Stefan"]
[Black "Hennings, Artur"]
[Result "1/2-1/2"]
[WhiteElo "2455"]
[BlackElo "2375"]

1.d4 d6 2.e4 Nf6 3.Nc3 e5 4.Nge2 Nc6 5.f3 g6 6.Be3 Bg7 7.Qd2 O-O 8.O-O-O Bd7
9.Kb1 a6 10.d5 Ne7 11.g4 Ne8 12.h4 f5 13.gxf5 gxf5 14.Bh3 f4 15.Bf2 Bxh3
16.Rxh3 Qd7 17.Rh2 Nf6 18.h5 Bh6 19.Nc1 Kf7 20.N3e2 Rg8 21.c4 b6 22.Nd3 Rg3
23.Qc3 Rag8 24.Bxg3 fxg3 25.Rhh1 g2 26.Rh2 Nxe4 27.fxe4 Qg4 28.Qe1 Qxe4 29.Ng1 Be3
30.Rh4 Rg4 31.Rxg4 Qxg4 32.Qe2 Qxe2 33.Nxe2 Nf5 34.Ndc1 Kf6 35.Ng1 Kg5 36.Kc2 e4
37.Re1 Kxh5 38.Kd1 Bf2 39.Ke2 Bxe1 40.Kxe1 e3 41.Ke2 Kg4 42.Kd3 h5 43.Ke4 h4
44.Nce2 h3 45.Nxh3 Ng3+ 46.Nxg3 Kxg3 47.Ng1 Kf2 48.Nh3+ Kg3 49.Ng1 Kf2  1/2-1/2

[Event "Bundesliga 9192"]
[Site "Germany"]
[Date "1992.??.??"]
[Round "?"]
[White "Kurz, Alexander"]
[Black "Hennings, Artur"]
[Result "0-1"]
[WhiteElo "2325"]
[BlackElo "2375"]

1.d4 d6 2.e4 Nf6 3.Nc3 e5 4.Nf3 Nbd7 5.Bc4 Be7 6.O-O c6 7.a4 O-O 8.Re1 h6
9.h3 Re8 10.Be3 Qc7 11.Nh4 Nf8 12.Nf5 Bxf5 13.exf5 d5 14.Bf1 N8d7 15.Qd2 Bd6
16.dxe5 Bxe5 17.a5 b5 18.a6 Rad8 19.Rad1 Kh7 20.g4 Bd6 21.Bg2 Bc5 22.Bxc5 Nxc5
23.Qd4 Qb6 24.Qf4 Rxe1+ 25.Rxe1 b4 26.Nd1 b3 27.Re2 Qxa6 28.Bf1 Qb6 29.Ne3 Re8
30.h4 Re4 31.Qf3 bxc2 32.Rxc2 Nb3 33.g5 Nd4 34.Qg3 Rxe3 35.fxe3 Nxc2 36.gxf6 Qxe3+
37.Qxe3 Nxe3 38.fxg7 Nxf1  0-1

[Event "Bundesliga 9192"]
[Site "Germany"]
[Date "1992.??.??"]
[Round "?"]
[White "Hjartarson, Johann"]
[Black "Bezold, Michael"]
[Result "1/2-1/2"]
[WhiteElo "2580"]
[BlackElo "2345"]

1.d4 d6 2.e4 Nf6 3.Nc3 e5 4.dxe5 dxe5 5.Qxd8+ Kxd8 6.Bg5 Be6 7.O-O-O+ Kc8
8.f4 exf4 9.e5 h6 10.Bxf4 Ng4 11.Rd2 g5 12.Bg3 Ne3 13.Bd3 Nc6 14.Nf3 g4 15.Nh4 Be7
16.Rf2 Nb4 17.Be4 Ned5 18.Nxd5 Nxd5 19.Nf5 Bg5+ 20.Kb1 h5 21.Bh4 Bxh4 22.Nxh4 Ne7
23.Kc1 a5 24.Rhf1 a4 25.Rxf7 Bxf7 26.Rxf7 Re8 27.Rh7 Ra5 28.Rxh5 Kb8 29.Rg5 Nd5
30.Rxg4 Ne3 31.Rf4 Raxe5 32.Bd3 a3 33.bxa3 Nd5 34.Rf7 Re1+ 35.Kd2 Rh1 36.Nf3 Ne3
37.g3 Nf1+ 38.Kc3 Rh8 39.g4 Nxh2 40.Nxh2 R1xh2 41.g5 Rg2 42.g6 Rh4  1/2-1/2

[Event "Bundesliga 9192"]
[Site "Germany"]
[Date "1992.??.??"]
[Round "?"]
[White "Brueggemann, Joachim"]
[Black "Degenhardt, Horst"]
[Result "1-0"]
[WhiteElo "2305"]
[BlackElo "2305"]

1.e4 d6 2.d4 Nf6 3.Nc3 e5 4.Nf3 Nbd7 5.Bc4 Be7 6.O-O O-O 7.a4 c6 8.dxe5 dxe5
9.Qe2 Qc7 10.Nh4 Nc5 11.Nf5 Bxf5 12.exf5 a5 13.Bg5 Rae8 14.Rfe1 Nfd7 15.Bxe7 Rxe7
16.Ra3 e4 17.Qh5 Qf4 18.Nd1 Nf6 19.Qh3 Qd2 20.Rf1 Nxa4 21.Qh4 b5 22.Rg3 Qd6
23.Ba2 Kh8 24.Ne3 Nxb2 25.Rh3 h6 26.g4 Qf4 27.g5 Qxh4 28.Rxh4 Nh7 29.f6 gxf6
30.gxf6 Re5 31.Rxh6 Rg5+ 32.Kh1 Rg6 33.Rh4 Na4 34.Ng4 Nc3 35.Rg1 Ne2 36.Re1 Nc3
37.Re3 Rxg4 38.Rxg4 Nxa2 39.Rh3  1-0

[Event "BL2-O9192"]
[Site "Germany"]
[Date "1992.??.??"]
[Round "?"]
[White "Jansa, Vlastimil"]
[Black "Hesse, Peter"]
[Result "1-0"]
[WhiteElo "2460"]
[BlackElo "2350"]

1.e4 d6 2.d4 Nf6 3.Nc3 e5 4.Nf3 Nbd7 5.Bc4 Be7 6.O-O O-O 7.Re1 c6 8.a4 b6
9.d5 cxd5 10.Nxd5 Nxd5 11.Bxd5 Rb8 12.Qd3 Nf6 13.Bb3 h6 14.Bd2 Bb7 15.Rad1 Qc7
16.Nh4 d5 17.Nf5 Rfd8 18.Qg3 g6 19.Bxh6 Bb4 20.c3 Nh5 21.Qg5 Bc5 22.exd5 Kh7
23.Ng3  1-0

[Event "BL2-O9192"]
[Site "Germany"]
[Date "1992.??.??"]
[Round "?"]
[White "Howell, James C"]
[Black "Lorenz, Gerd"]
[Result "1-0"]
[WhiteElo "2465"]
[BlackElo "2240"]

1.e4 d6 2.d4 Nf6 3.Nc3 e5 4.Nf3 Nbd7 5.Bc4 Be7 6.O-O O-O 7.Re1 c6 8.a4 Ne8
9.Be3 Bf6 10.Ba2 Qe7 11.Qd2 Nc7 12.Rad1 Rd8 13.dxe5 Nxe5 14.Nd4 Be6 15.Nxe6 fxe6
16.h3 b5 17.axb5 cxb5 18.Qe2 Rdc8 19.Nxb5 Nxb5 20.Qxb5 Rxc2 21.Qb3 Rxb2 22.Qxe6+ Kh8
23.Qxe7 Bxe7 24.Bd5 Rf8 25.Bxa7 Bh4 26.Rf1 h5 27.g3 Bxg3 28.fxg3 Nf3+ 29.Rxf3 Rxf3
30.Be6 Rxg3+ 31.Kf1 Ra3 32.Bd4 Rf3+ 33.Kg1 Rg3+ 34.Kh1 Rb8 35.e5 Re8 36.exd6  1-0

[Event "BL2-O9192"]
[Site "Germany"]
[Date "1992.??.??"]
[Round "?"]
[White "Dobrovolsky, Ladislav"]
[Black "Hesse, Peter"]
[Result "1-0"]
[WhiteElo "2380"]
[BlackElo "2350"]

1.e4 d6 2.d4 Nf6 3.Nc3 e5 4.dxe5 dxe5 5.Qxd8+ Kxd8 6.Nf3 Bd6 7.Bg5 c6 8.O-O-O Ke7
9.Bc4 Bc7 10.Nh4 h6 11.Be3 b6 12.Rhe1 g6 13.f4 Nbd7 14.g3 a5 15.a4 Ba6 16.Ba2 Rad8
17.f5 g5 18.Nf3 Nc5 19.Nd2 Nb7 20.Bc4 Rxd2 21.Bxa6 Rxd1+ 22.Rxd1 Nd6 23.Bd3 Nd7
24.Rh1 Rf8 25.Kd2 Nf6 26.Ke2 Nc8 27.Kf3 g4+ 28.Kf2 h5 29.h3 Nd6 30.hxg4 hxg4
31.Rb1  1-0

[Event "BL2-O9192"]
[Site "Germany"]
[Date "1992.??.??"]
[Round "?"]
[White "Bachmayr, Peter"]
[Black "Roesch, Arnd"]
[Result "1/2-1/2"]
[WhiteElo "2280"]
[BlackElo "2360"]

1.e4 d6 2.d4 Nf6 3.Nc3 e5 4.Nf3 Nbd7 5.Bc4 Be7 6.O-O O-O 7.Re1 c6 8.a4 b6
9.h3 a6 10.Be3 Bb7  1/2-1/2

[Event "BL2-O9192"]
[Site "Germany"]
[Date "1992.??.??"]
[Round "?"]
[White "Schmidt, Peter"]
[Black "Braun, Gottfried"]
[Result "1-0"]
[WhiteElo "2405"]
[BlackElo "2385"]

1.d4 d6 2.e4 Nf6 3.Nc3 e5 4.Nf3 Nbd7 5.Bc4 Be7 6.O-O O-O 7.Qe2 exd4 8.Nxd4 Ne5
9.Bb3 c5 10.Nf5 Bxf5 11.exf5 Qd7 12.f4 Nc6 13.g4 d5 14.g5 c4 15.gxf6 Bxf6
16.Ba4 Qxf5 17.Qg2 Ne7 18.Ne2 b5 19.Bxb5 Rfb8 20.Ng3 Qe6 21.f5 Qb6+ 22.Kh1 Qxb5
23.Nh5 Kh8 24.Bg5 Bxg5 25.Qxg5 Nxf5 26.Rxf5 Qxb2 27.Rg1 Rb6 28.Qxg7+ Qxg7
29.Rxg7 Rg8 30.Rxg8+ Kxg8 31.Rxd5 h6 32.Rc5 Rb4 33.Nf6+ Kg7 34.Nd5 Rb2 35.Rxc4 Rxa2
36.Kg2 Kg6 37.Kf3 Kf5 38.Ne3+ Ke5 39.Rh4 Ra6 40.Rh5+ Kd4 41.Ke2 Rc6 42.Rh4+ Kc3
43.Ra4 a6 44.Kd1 Kb2 45.Rb4+ Ka3 46.Rb3+ Ka4 47.Kc1 Ka5 48.Kb2 Rc5 49.c3 Rb5
50.Nc4+ Ka4 51.Nb6+ Ka5 52.Nc4+ Ka4 53.Rxb5 axb5 54.Nd6 f6 55.Nf5 b4 56.Nxh6  1-0